Southville International School and Colleges
Your cart is empty.
  • Cart
  • Lists
    Public lists Eva Luna New books Lux_list list_1
    Your lists Log in to create your own lists
  • Log in to your account
  • Your cookies
  • Search history
Southville International School and Colleges
  • Advanced search
  • Recent comments
  • Most popular
  • Libraries

Log in to your account

Log in with GOOGLE


If you do not have an external account, but do have a local account, you can still log in:

  1. Home
  2. MARC view: Data architecture :
Normal view MARC view ISBD view

Data architecture : (Record no. 363148)

[ view plain ]
MARC details
000 -LEADER
fixed length control field 00658nam a2200241Ia 4500
008 - FIXED-LENGTH DATA ELEMENTS--GENERAL INFORMATION
fixed length control field 200601s9999 xx 000 0 und d
020 ## - INTERNATIONAL STANDARD BOOK NUMBER
International Standard Book Number 978-0-12-816916-1
050 ## - LIBRARY OF CONGRESS CALL NUMBER
Classification number ComSc QA 76
050 ## - LIBRARY OF CONGRESS CALL NUMBER
Item number .I56 2019
100 ## - MAIN ENTRY--PERSONAL NAME
Personal name Inmon, W. H.
245 #0 - TITLE STATEMENT
Title Data architecture :
245 #2 - TITLE STATEMENT
Remainder of title a primer for the data scientist /
245 #0 - TITLE STATEMENT
Statement of responsibility, etc W. H. Inmon, Daniel Linstedt, Mary Levins.
250 ## - EDITION STATEMENT
Edition statement 2nd Edition
260 ## - PUBLICATION, DISTRIBUTION, ETC. (IMPRINT)
Place of publication, distribution, etc London :
260 ## - PUBLICATION, DISTRIBUTION, ETC. (IMPRINT)
Name of publisher, distributor, etc Academic Press,
260 ## - PUBLICATION, DISTRIBUTION, ETC. (IMPRINT)
Date of publication, distribution, etc 2019
300 ## - PHYSICAL DESCRIPTION
Extent 416 pages :
300 ## - PHYSICAL DESCRIPTION
Other physical details illustrations (some color) ;
300 ## - PHYSICAL DESCRIPTION
Dimensions 24 cm.
650 ## - SUBJECT ADDED ENTRY--TOPICAL TERM
Topical term or geographic name as entry element Electronic data processing.
650 ## - SUBJECT ADDED ENTRY--TOPICAL TERM
General subdivision Information technology.
Holdings
Withdrawn status Lost status Damaged status Home library Current library Shelving location Date acquired Cost, normal purchase price Total Checkouts Full call number Barcode Date last seen Price effective from Koha item type
      South Mansfield College South Mansfield College   01/15/2020 6995.00   ComSc QA 76 .I56 2019 SMC06316 06/01/2020 06/01/2020 Books

Data architecture :

APA

Inmon W. H., .Data architecture. London: .

Chicago

Inmon W H, .Data architecture. London: .

Harvard

Inmon W. H., .Data architecture. London: .

MLA

Inmon W H, .London: . .

  • Place hold
  • Print
  • Cite
  • Add to your cart (remove)
  • Save record
    BIBTEX Dublin Core MARCXML MARC (non-Unicode/MARC-8) MARC (Unicode/UTF-8) MARC (Unicode/UTF-8, Standard) MODS (XML) RIS
  • More searches
    Search for this title in:
    Other Libraries (WorldCat) Other Databases (Google Scholar) Online Stores (Bookfinder.com) Open Library (openlibrary.org)

Exporting to Dublin Core...

SOUTHVILLE LIBRARY

Southville International School and Colleges Library

1281 Tropical Ave. Cor. Luxembourg St., BF Homes International, Las Pinas City

Tel. No. 8256374 / 252358 Loc. 117/146

Powered by Koha